| 000 | 00587 a2200181 4500 | ||
|---|---|---|---|
| 020 | _a3540290206 | ||
| 020 | _a9783540290209 | ||
| 082 | 0 | 4 | _a530.8 |
| 090 |
_c1430 _d1430 |
||
| 100 | 1 | _aPrato, Giuseppe Da. | |
| 245 | 1 | 3 |
_aAn introduction to infinite-dimensional analysis / _cGiuseppe Da Prato. |
| 260 |
_a[S.l.] : _bSpringer, _c2006. |
||
| 300 |
_a224 p. ; _c25 cm. |
||
| 490 | 1 | _aUniversitext. | |
| 830 | 0 | _aUniversitext. | |
| 942 |
_aSNS _cBK _k530.8 PRA |
||
| 999 |
_c30041 _d30041 |
||